| 000 | 00501ntaaa2200193 4500 | ||
|---|---|---|---|
| 003 | 01 | ||
| 005 | 20251027202250.0 | ||
| 008 | 0714s1973 ag 01 | ||
| 040 |
_aAR-BaBN _bspa _cAR-BaBN _eaacr _dRIC |
||
| 082 | _a268.4320 W84 | ||
| 100 |
_aWonderly, Gustava M _921040 |
||
| 245 | _aTraining children from the beginning as 'Unto the Lord' | ||
| 250 | _a1 ed. | ||
| 260 |
_aChicago : _bMoody Press, _cc1959 |
||
| 300 | _a127 p | ||
| 500 | _aPreparando a los niños | ||
| 650 | _aniñez | ||
| 942 | _cBK | ||
| 999 |
_c17433 _d17433 |
||